| 000 | 01660nam0a2200325 4500 | ||
|---|---|---|---|
| 001 | RU\NLR\bibl\304740 | ||
| 005 | 20260406065555.0 | ||
| 010 |
_a5-88476-419-7 _9200 |
||
| 035 | _a(NLR Aleph) 000299911 | ||
| 090 |
_a1757119 _c1757119 |
||
| 100 | _a20020910d2002 |||y0rusy50 ca | ||
| 101 | 0 | _arus | |
| 102 | _aRU | ||
| 105 | _ay ||||||||| | ||
| 200 | 1 |
_aВласть и самоуправление _eАрханг. губернии в период революции (1917-1920 гг.) _fА.В. Воронин, П.В. Федоров _gМ-во образования Рос. Федерации, Мурм. гос. пед. ин-т, Ломоносов. фонд. Мурм. отд-ние |
|
| 210 |
_aМурманск _cБ.и. _d2002 |
||
| 215 |
_a220 с. _d20 |
||
| 300 | _aНа обороте тит. л. авт.: Воронин А.В., д.ист.н., проф., Федоров П.В., к.ист.н., преп. | ||
| 320 | _aБиблиогр. в подстроч. примеч. | ||
| 606 | 0 |
_aМестное самоуправление _xИстория _yАрхангельская губерния _z1917 - 1920 _92258947 _3RU\NLR\auth\661354584 |
|
| 686 | _aХ621.011.29(2Р-7Арх) | ||
| 700 | 1 |
_4070 _8rus _7ca _aВоронин _bА. В. _cд-р ист. наук _f1957- _gАлексей Викторович _3RU\NLR\auth\77111589 _994514 |
|
| 701 | 1 |
_4070 _8rus _7ca _aФедоров _bП. В. _cд-р ист. наук _f1976- _gПавел Викторович _3RU\NLR\AUTH\7725568 _98615 |
|
| 801 | 0 |
_aRU _bNLR _c20020910 _gPSBO |
|
| 801 | 1 |
_aRU _bNLR _c20020910 |
|
| 830 | _aАвт. по кн. | ||
| 942 | _cBOOK | ||
| 980 | _aNB | ||